Countries, US States, Capitals, Elements, 100 Most Common Words: Up then Down the alphabet - Statistics

General Stats
  • This quiz has been taken 28 times
  • The average score is 6 of 20
Answer Stats
DIR ANSWER % Correct
3↑, 1↓ Chile
65%
3↑, 1↓ China
65%
2↑, 2↓ Abuja
48%
2↓, 2↑ Idaho
48%
2↓, 2↑ Spain
48%
1↑, 3↓ Syria
43%
3↓, 1↑ Niger
35%
4↓ Tonga
35%
3↑, 1↓ About
26%
1↑, 3↓ Burma
26%
2↑, 4↓ Estonia
22%
1↓, 3↑ Vaduz
22%
2↑, 2↓ Boron
17%
4↑, 1↓ Beirut
13%
3↑, 2↓ Boston
13%
4↑ First
13%
3↑, 3↓ Florida
9%
2↑, 2↓ Could
4%
2↓, 2↑ Their
4%
2↑, 3↓ Moroni
0%
No matching quizzes found
Score Distribution
Percent of People with Each Score
Percentile by Number Answered
Your Score History
You have not taken this quiz